Egypt pod lupou /

Hlavní autor: Long, David, 1961-
Další autoři: Bloom, Harry, Novotná, Barbora, 1987-
Jazyk: Čeština
Vydáno: Brno : Host, 2020
Vydání: První vydání
Témata:
Fyzický popis: 45 stran : barevné ilustrace ; 32 cm + 1 lupa
Knihy
Uloženo v:
LEADER 02527nam a2200673 i 4500
001 nkc20203254394
003 CZ PrNK
005 20201208101432.0
007 ta
008 200918s2020 xr a b f 000 0 cze
015 |a cnb003254394 
020 |a 978-80-275-0098-7  |q (vázáno) :  |c Kč 449,00 
035 |a (OCoLC)1230106268 
040 |a BOA001  |b cze  |d ABA001  |e rda 
041 1 |a cze  |h eng 
043 |a f-ua--- 
072 7 |a 94(3)  |x Dějiny zemí starověkého světa  |2 Konspekt  |9 8 
072 7 |a 0/9-053.2  |x Literatura pro děti a mládež (naučná)  |2 Konspekt  |9 26 
080 |a 316.728  |2 MRF 
080 |a 316.72/.75  |2 MRF 
080 |a 94(32)  |2 MRF 
080 |a (0.062)  |2 MRF 
080 |a (084.11)  |2 MRF 
080 |a (0.053.2)  |2 MRF 
100 1 |a Long, David,  |d 1961-  |7 xx0252364  |4 aut 
240 1 0 |a Egypt magnified.  |l Česky 
245 1 0 |a Egypt pod lupou /  |c napsal David Long ; ilustroval Harry Bloom 
250 |a První vydání 
264 1 |a Brno :  |b Host,  |c 2020 
300 |a 45 stran :  |b barevné ilustrace ;  |c 32 cm +  |e 1 lupa 
336 |a text  |b txt  |2 rdacontent 
336 |a statický obraz  |b sti  |2 rdacontent 
337 |a bez média  |b n  |2 rdamedia 
338 |a svazek  |b nc  |2 rdacarrier 
500 |a Z angličtiny přeložila Barbora Doležalová 
500 |a Chronologický přehled 
500 |a Terminologický slovník 
500 |a Lupa vložena do výřezu na obálce 
521 8 |a Pro děti od 5 let 
650 0 7 |a každodenní život  |7 ph121555  |z starověký Egypt  |2 czenas 
650 0 7 |a kultura a společnost  |7 ph122010  |z starověký Egypt  |2 czenas 
650 0 9 |a everyday life  |z ancient Egypt  |2 eczenas 
650 0 9 |a culture and society  |z ancient Egypt  |2 eczenas 
651 7 |a starověký Egypt  |7 ge146585  |x dějiny  |2 czenas 
651 9 |a ancient Egypt  |x history  |2 eczenas 
655 7 |a populárně-naučné publikace  |7 fd131864  |2 czenas 
655 7 |a obrazové publikace  |7 fd132947  |2 czenas 
655 7 |a publikace pro děti  |7 fd133156  |2 czenas 
655 9 |a popular works  |2 eczenas 
655 9 |a pictorial works  |2 eczenas 
655 9 |a children's literature  |2 eczenas 
700 1 |a Bloom, Harry  |7 xx0244890  |4 ill 
700 1 |a Novotná, Barbora,  |d 1987-  |7 mzk2012733092  |4 trl 
910 2 |a BOA001  |b 4-1455.423 
990 |a BK 
995 |a 01 
991 |b 202011  |c NOV 
996 6 |b 2610845464  |c 4-1455.423  |l MZK  |r Sklad / do 1 hodiny  |n 2  |p p.v.  |w 001834145  |u 000010  |a 1  |e BOA001  |j MZK50  |s P 
996 7 |b 2610845465  |c 4-1455.423  |l MZK  |r Sklad / do 1 hodiny  |n 2  |p p.v.  |w 001834145  |u 000020  |a 1  |e BOA001  |j MZK50  |s A